000 01030cam a2200349 4500
001 ABS63966
008 000000n2001 000 0 eng u
035 _a(Sirsi) u112896
245 _aOffice trends 2001
260 _c2001
490 _aEstates Gazette
_v(0120) 19 May 2001, 3-72(47)
520 _aSupplement produced in collaboration with the British Council for Offices focusing on current trends in the office market.
590 _aABS
650 _aPROPERTY-COMMERCIAL PROPERTY-OFFICE PROPERTY-OFFICE PROPERTY MARKET
650 _aTRENDS
650 _aEUROPE
650 _aBERLIN
650 _aLONDON
650 _aTHAMES VALLEY
650 _aSERVICED OFFICES
650 _aCALL CENTRES
650 _aINTERNET
650 _aMARKETING
650 _aTALL BUILDINGS
650 _aGREEN OFFICES
650 _aTRANSPORT PLANS
650 _aOUTSOURCING
650 _aWIRELESS TECHNOLOGY
650 _aMIXED USE
690 _aPROPERTY-COMMERCIAL PROPERTY-COMMERCIAL PROPERTY MARKET
942 _n0
999 _c67208
_d67208